000 01082nam a2200349 i 4500
003 EG-GICUC
005 20260121101713.0
008 260111s1997 ua ||||fr|||| 00| 0 eng d
020 _a9771924036
040 _aEG-GiCUC
_beng
_cEG-GiCUC
_dEG-GiCUC
_erda
041 0 _aeng
082 0 4 _221
_a341.21
_bAB . M
092 0 4 _221
099 _aLaw 11 1997
100 1 _aAbou El-Wafa ,Ahmed.
_eAuthor.
245 1 2 _aA manual on the law of international organizations /
_cAhmed Abou El-Wafa.
250 _a1st edition.
264 1 _aCairo :
_bDar-Al-Nahda Al Arabia,
_c1997.
300 _a407 Page:
_c24 cm
_billustrations,
336 _2rda content
_atext
337 _2rda media
_aComputer
338 _2rda carrier
_aOnline Resource
504 _aBibliography: pages 200-250.
546 _aText in English
650 1 _aPublic international law
_2qrmak
650 1 0 _aOrganizations.
_2qrmak
650 1 0 _aInternational Law.
_2qrmak
651 1 _2qrmak
856 4 0 _uhttps://fll.law.cu.edu.eg/fulltext/bks/test./ENGB11-00025.pdf
905 _a10
942 _2ddc
_cBK
_e21
_n0
999 _c56101
_d56101